Biggest Cities in Colorado in 1950 - Statistics

General Stats
  • This quiz has been taken 79 times
  • The average score is 11 of 20
Answer Stats
Population County Answer % Correct
415,786 Denver Denver
100%
45,472 El Paso Colorado Springs
93%
11,421 AdamsArapahoe Aurora
92%
19,999 Boulder Boulder
92%
14,937 Larimer Fort Collins
90%
63,685 Pueblo Pueblo
88%
14,504 Mesa Grand Junction
83%
20,354 Weld Greeley
75%
8,099 Boulder Longmont
57%
6,773 Larimer Loveland
52%
7,459 La Plata Durango
48%
12,204 Las Animas Trinidad
40%
6,829 Prowers Lamar
33%
5,315 Morgan Fort Morgan
32%
6,345 Fremont Cañon City
30%
7,712 Otero La Junta
27%
7,534 Logan Sterling
25%
16,869 Arapahoe Englewood
23%
5,596 Huerfano Walsenburg
20%
5,354 Alamosa Alamosa
18%
No matching quizzes found
Score Distribution
Percent of People with Each Score
Percentile by Number Answered
Your Score History
You have not taken this quiz